=LDR 00000nam 2200000 4500 =005 $a 20260526143835 =008 $a 260526################g##########0#ind## =022 ##$$a 978-602-7652-97-2 =035 ##$$a 0010-0423000008 =082 ##$$a 649.33 =084 ##$$a 649.33 ADI c =100 #$$a Aditia Sudarto =245 ##$$a Catatan AyahAsi $b ditambah-tambahin $c Aditia Sudarto A. Rahmat Hidayat, Dipa Andika Nurprasetyo, Ernest Prakasa, Pandu Gunawan, Shafiq Pontoh, Sogi Indra Dhuaja, Syarief Hidayatullah =246 ##$$a =260 ##$$a Tanggerang : $b Buah Hati, $c 2018 =300 ##$$a 200 hlm : $b ilustrasi ; $c 19 cm $d =336 ##$$a =337 ##$$a =338 ##$$a =520 #$$a Buku ini bisa menjadi sarana belajar bagi para calon orangtua yang sedang merencanakan pernikahan, kehamilan, dan persalinan =650 ##$$a Keluarga =650 #$$a Air Susu Ibu =700 #$$a A. Rahmat Hidayat =700 #$$a Dipa Andika Nurprasetyo =700 #$$a Ernest Prakasa =700 #$$a Pandu Gunawan =700 #$$a Shafiq Pontoh =700 #$$a Sogi Indra Dhuaja =700 #$$a Syarief Hidayatullah =740 ##$$a =856 ##$$a =Wor $a 1 =001 $a INLIS000000000001196